000 00887pam a2200289 a 4500
001 16074
003 BD-RjUL
005 20211208235940.0
008 140211s1983 maua b 001 0 eng
020 _a0316816086
020 _a0316816094 (pbk.)
035 _a(BD-RjUL)16129
040 _aDLC
_cDLC
_dBD-RjUL
_beng
041 _aeng
082 0 0 _a658.022
_219
_bSTS 1983
100 1 _aStillman, Richard Joseph,
_d1917-
_949751
245 1 0 _aSmall business management :
_bhow to start and stay in business /
_cRichard J. Stillman.
260 _aBoston :
_bLittle, Brown,
_cc1983.
300 _ax, 229 p. :
_bill. ;
_c24 cm.
500 _aIncludes index.
504 _aBibliography: p. 219-223.
650 0 _aSmall business
_xManagement.
_949752
650 0 _aNew business enterprises
_xManagement.
_910720
942 _2ddc
_cBK
999 _c16074
_d16074